00759cam a22002057a 4500008004000000020001500040082001800055100002000073245005200093260003000145300001000175650004200185650004500227650003900272650002900311650004400340650006100384999001900445952008900464180718b2014 xxu||||| |||| 00| 0 eng d a819274566x aA99 G151/P192 aPandey, Upasana aContesting postmodern Gandhicby Upasana Pandey aNew DelhibYS Booksc2014 a250p. aCourage -- Political aspects -- India aAsceticism -- Political aspects -- India aPostmodernism -- Political aspects aDemocratization -- India aGandhi, Mahatma, 1869-1948 -- Influence aGandhi, Mahatma, 1869-1948 -- Political and social views c443752d443752 00104070aIIPAbIIPAd2014-04-22oA99 G151/P192p85623r2018-07-21w2018-07-21yBK